000 00845nam a2200229Ii 4500
003 JO-AjNU
008 230605s9999||||xx |||||||||||||| ||und||
017 _a2011/10/3872
020 _a978-9957-40-034-8
040 _aJO-AjNU
_bara
_erda
_cJO-AjNU
041 _aara
050 1 4 _aDS154.9 2013
100 3 _aبحث ومسح وجمع العبدي، علي,
_eauthor
_948924
245 0 0 _aلغة الأجداد: موسوعة تراثية متخصصة ب(كفرنجة): الرواية المحلية
264 3 1 _aعمان: وزارة الثقافة، 2013
300 _a342ص
336 _atext
_btxt
_2rdacontent
337 _aunmediated
_bn
_2rdamedia
338 _avolume
_bnc
_2rdacarrier
490 0 _aعجلون مدينة الثقافة الاردنية؛ 2013
650 4 _aتراث الاجداد- كفرنجة - رواية
_948925
999 _aA21457
_c25025
_d25025